First game appearence for Mario - Statistics

General Stats
  • This quiz has been taken 17 times
  • The average score is 7 of 13
Answer Stats
Hint Answer % Correct
Bowser Super Mario Bros
100%
Cappy Super Mario Odyssey
93%
Shadow Cat Bowser's Fury
57%
Gold Bro New Super Mario Bros 2
57%
Cataquack Super Mario Sunshine
57%
Brolder Super Mario 3D World
43%
Bully Super Mario 64
43%
King Kaliente Super Mario Galaxy
43%
Reznor Super Mario World
43%
Tail Goomba Super Mario 3D Land
36%
Spike Super Mario Bros 3
36%
Digga Leg Super Mario Galaxy 2
36%
Waddlewing New Super Mario Bros U
21%
No matching quizzes found
Score Distribution
Percent of People with Each Score
Percentile by Number Answered
Your Score History
You have not taken this quiz